Statistics for Biggest Cities by Language

Click here to take the quiz!

General Stats

  • This quiz has been taken 195,725 times
    (162,380 since last reset)
  • The average score is 17 of 24

Answer Stats

LanguagePopulationCity% Correct
French
15.0 m /
11.4 m
Kinshasa /
Paris
98%
English23.1 mNew York City
96%
Japanese40.8 mTokyo
96%
Russian18.8 mMoscow
95%
Korean24.9 mSeoul
95%
Mandarin20.9 mBeijing
90%
Turkish16.1 mIstanbul
90%
Spanish24.9 mMexico City
90%
Hindi33.4 mDelhi
86%
Portuguese23.0 mSão Paulo
79%
Italian6.10 mMilan
76%
Persian16.2 mTehran
75%
Arabic22.2 mCairo
72%
Wu40.0 mShanghai
72%
Vietnamese13.5 mHo Chi Minh City
69%
Hebrew2.93 mTel Aviv
67%
Tagalog26.7 mManila
63%
Marathi26.6 mMumbai
62%
Serbo-Croatian1.44 mBelgrade
59%
Cantonese67.8 mGuangzhou
55%
Bengali21.3 mDhaka
53%
Yoruba21.4 mLagos
40%
Tamil12.2 mChennai
32%
Gujarati9.30 mAhmedabad
19%

Score Distribution

Percentile by Number Answered

Percent of People with Each Score

Your Score History

You have not taken this quiz since the last reset